| 000 -LEADER | |
|---|---|
| fixed length control field | 00371nam a22001457a 4500 |
| 005 - DATE AND TIME OF LATEST TRANSACTION | |
| control field | 20170406095543.0 |
| 008 - FIXED-LENGTH DATA ELEMENTS--GENERAL INFORMATION | |
| fixed length control field | 170406b xxu||||| |||| 00| 0 eng d |
| 020 ## - INTERNATIONAL STANDARD BOOK NUMBER | |
| ISBN | 978-81-7409-248-9 |
| 041 ## - LANGUAGE CODE | |
| Language code of text/sound track or separate title | eng |
| 100 ## - MAIN ENTRY--AUTHOR NAME | |
| Personal name | GREWAL, B. S. |
| 245 ## - TITLE STATEMENT | |
| Title | NUMERICAL METHODS IN ENGINEERING AND SCIENCE |
| 260 ## - PUBLICATION, DISTRIBUTION, ETC. (IMPRINT) | |
| Place of publication | NEW DELHI |
| Name of publisher | KHANNA PUBLISHERES |
| 300 ## - PHYSICAL DESCRIPTION | |
| Number of Pages | 699 |
| 942 ## - ADDED ENTRY ELEMENTS (KOHA) | |
| Koha item type | Books |
| Lost status | Damaged status | Collection code | Home library | Current library | Shelving location | Date acquired | Source of acquisition | Cost, normal purchase price | Full call number | Accession Number | Koha item type |
|---|---|---|---|---|---|---|---|---|---|---|---|
| CS/IT | JRU Library | JRU Library | SHELF-57-E | 06/04/2017 | PURCHESS | 395.00 | 519.4 | 21696 | Books | ||
| CS/IT | JRU Library | JRU Library | SHELF-57-E | 06/04/2017 | PURCHESS | 395.00 | 519.4 | 21697 | Books | ||
| JRU Library | JRU Library | 06/04/2017 | PURCHESS | 395.00 | 519.4 | 21698 | Books |